Sell America first / (Record no. 18517)

MARC details
000 -LEADER
fixed length control field 00765cam a22002531 4500
001 - CONTROL NUMBER
control field cd 36000016
003 - CONTROL NUMBER IDENTIFIER
control field DLC
005 - DATE AND TIME OF LATEST TRANSACTION
control field 20260227111147.0
008 - FIXED-LENGTH DATA ELEMENTS--GENERAL INFORMATION
fixed length control field 790817r1933uuuunyu 000 0 eng
010 ## - LIBRARY OF CONGRESS CONTROL NUMBER
LC control number cd 36000016
035 ## - SYSTEM CONTROL NUMBER
System control number (OCoLC)5284560
040 ## - CATALOGING SOURCE
Original cataloging agency DLC
Transcribing agency NBuU
Modifying agency NBuU
-- PPiU
-- DLC
042 ## - AUTHENTICATION CODE
Authentication code premarc
043 ## - GEOGRAPHIC AREA CODE
Geographic area code n-us---
050 00 - LIBRARY OF CONGRESS CALL NUMBER
Classification number HC106.3
Item number .C87
100 1# - MAIN ENTRY--PERSONAL NAME
Personal name Crowther, Samuel,
Dates associated with a name 1880-1947.
245 10 - TITLE STATEMENT
Title Sell America first /
Statement of responsibility, etc. by Samuel Crowther.
260 ## - PUBLICATION, DISTRIBUTION, ETC.
Place of publication, distribution, etc. [New York :
Name of publisher, distributor, etc. Chemical Foundation],
Date of publication, distribution, etc. c1933.
300 ## - PHYSICAL DESCRIPTION
Extent 32 p. ;
Dimensions 23 cm.
440 #0 - SERIES STATEMENT/ADDED ENTRY--TITLE
Title Deserted village ;
Volume/sequential designation no. 1
500 ## - GENERAL NOTE
General note Reprinted by special permission from The Saturday evening post.
651 #0 - SUBJECT ADDED ENTRY--GEOGRAPHIC NAME
Geographic name United States
General subdivision Economic policy.
651 #0 - SUBJECT ADDED ENTRY--GEOGRAPHIC NAME
Geographic name United States
General subdivision Commerce.

No items available.

Powered by Koha